Género, manglar y subsistencia
Sparad:
| Huvudupphovsman: | |
|---|---|
| Materialtyp: | Text |
| Publicerad: |
Quito:
ABYA-YALA
|
| Ämnen: | |
| Taggar: |
Lägg till en tagg
Inga taggar, Lägg till första taggen!
|
MARC
| LEADER | 00000 a a2200000 04500 | ||
|---|---|---|---|
| 001 | 34763 | ||
| 003 | |||
| 040 | |||
| 090 | |a 1002 M552g | ||
| 100 | |a Mera Orcés, Verónica | ||
| 245 | |a Género, manglar y subsistencia | ||
| 260 | |a Quito: |b ABYA-YALA | ||
| 300 | |a 171 p. | ||
| 650 | |a MANGLARES | ||
| 650 | |a MUJERES | ||
| 650 | |a RECURSOS NATURALES | ||
| 650 | |a ANALISIS DE GENERO | ||
| 650 | |a MEDIO AMBIENTE | ||
| 650 | |a ECUADOR | ||
| 650 | |a POBREZA | ||
| 999 | |c 10797 |d 10797 | ||
